Distinción francesa al servicio provincial de extinción de incendios
Publicado:
San Jorge, núm. 90 - 91 (2n i 3r trimestre 1973), pàg 78 :
MARC
| LEADER | 00000nam a2200000Ia 4500 | ||
|---|---|---|---|
| 001 | |||
| 008 | 160829s9999 xx 000 0 cat d | ||
| 245 | |a Distinción francesa al servicio provincial de extinción de incendios | ||
| 260 | |a San Jorge, núm. 90 - 91 (2n i 3r trimestre 1973), pàg 78 | ||
| 590 | |a Medalla de la ciutat de Nancy | ||
| 650 | |a Barcelona. Diputació. Servei Províncial d'Extinció d'Incendis |x Medalles |9 36708 | ||
| 650 | |a Medalles |x França |9 36709 | ||
| 901 | |a Arxiu | ||
| 942 | |n 1 | ||
| 952 | |0 0 |1 0 |4 0 |7 1 |9 47450 |a Arxiu |b Arxiu |d 2016-12-01 |l 0 |r 2016-12-01 00:00:00 |w 2016-12-01 |y ARXIU | ||
| 999 | |c 51248 |d 51248 | ||